BIBLIOTECA PODER JUDICIAL
Portal Judicial TDF

La unificación de condenas a partir de la reforma de la ley 27.785 / (Registro nro. 5497)

000 -LEADER
fixed length control field 01467nab a22002537a 4500
003 - CONTROL NUMBER IDENTIFIER
control field OSt
005 - DATE AND TIME OF LATEST TRANSACTION
control field 20251209140743.0
008 - FIXED-LENGTH DATA ELEMENTS--GENERAL INFORMATION
fixed length control field 190502c xxu||||| |||| 00| 0 spa d
040 ## - CATALOGING SOURCE
Transcribing agency PJ
100 ## - MAIN ENTRY--PERSONAL NAME
9 (RLIN) 6488
Personal name Morosi, Guillermo E. H.
245 13 - TITLE STATEMENT
Title La unificación de condenas a partir de la reforma de la ley 27.785 /
Statement of responsibility, etc Guillermo E. H. Morosi.
260 ## - PUBLICATION, DISTRIBUTION, ETC. (IMPRINT)
Place of publication, distribution, etc Ciudad Autónoma de Buenos Aires :
Name of publisher, distributor, etc Thomson Reuters La Ley,
Date of publication, distribution, etc 2025.
300 ## - PHYSICAL DESCRIPTION
Extent p. 3-5
500 ## - GENERAL NOTE
General note Cita Online: AR/DOC/1540/2025.
505 ## - FORMATTED CONTENTS NOTE
Formatted contents note Sumario: I. Introducción.— II. Breves consideraciones preliminares sobre la unificación de condenas.— III. El segundo párrafo del art. 58 del Cód. Penal y su inconsistencia con el régimen del concurso real.— IV. Etiología y finalidad de la reforma legislativa.— V. Problemas constitucionales. Interpretación sugerida.
505 ## - FORMATTED CONTENTS NOTE
Title Fallo comentado: TS Córdoba, sala penal ~ 19/04/2018 ~ D., M. J. p.s.a producción, publicación o distribución de imágenes pornográficas de menores de 18 años, etc. s/ recurso de casación.
505 ## - FORMATTED CONTENTS NOTE
Title ¿Te interesa el texto completo? Solicitalo al correo: koha@justierradelfuego.gov.ar
650 #0 - SUBJECT ADDED ENTRY--TOPICAL TERM
9 (RLIN) 343
Topical term or geographic name as entry element DERECHO PENAL
650 #0 - SUBJECT ADDED ENTRY--TOPICAL TERM
9 (RLIN) 6489
Topical term or geographic name as entry element UNIFICACION DE PENAS
650 #0 - SUBJECT ADDED ENTRY--TOPICAL TERM
9 (RLIN) 2681
Topical term or geographic name as entry element CONCURSO DE DELITOS
650 #0 - SUBJECT ADDED ENTRY--TOPICAL TERM
9 (RLIN) 4597
Topical term or geographic name as entry element CONSTITUCIONALIDAD
773 0# - HOST ITEM ENTRY
Host Biblionumber 2729
Host Itemnumber 3180
Place, publisher, and date of publication Buenos Aires : LexisNexis, 2006-
Title Revista de derecho penal y procesal penal. Nº 8 - Agosto 2025
International Standard Book Number 9875920622
942 ## - ADDED ENTRY ELEMENTS (KOHA)
Source of classification or shelving scheme
Koha item type Analítica Artículo de Revista

No hay ítems disponibles.

12 de Octubre 789 Ushuaia - Tel:  54(02901)441571
Horario de Atención: 8.00 a 17.00 hs. 
bibliotecaush@justierradelfuego.gov.ar
koha@justierradelfuego.gov.ar
Seguinos en nuestras redes @bibliojustdf 

Con tecnología Koha